Statistiques concernant Les romans de Jules Verne

Cliquez ici pour prendre le quiz!

Statistiques générales

  • Ce quiz a été pris 81 fois
  • Le résultat moyen est 6 sur 20

Statistiques - réponses

IndiceTitre du roman% Correct
Phileas Fogg et PassepartoutLe tour du monde en 80 jours
97%
Nemo20 000 lieues sous les mers
69%
volcan islandaisVoyage au centre de la terre
64%
Ivan OgareffMichel Strogof
57%
de bas en hautDe la terre à la lune
50%
cinq naufragésL'ïle mystérieuse
49%
traversée de l'Afrique par les airsCinq semaines en ballon
40%
une bouteille à la merLes enfants du capitaine Grant
21%
la suite de de bas en hautAutour de la lune
20%
en TransylvanieLe chateau des Carpathes
20%
14 garçons sur une île déserte pendant de nombreux moisDeux ans de vacances
19%
Philippe de Broca en a fait un film avec Jean Paul BelmondoLes tribulations d'un Chinois en Chine
17%
à bord de l'Albatros, machine volanteRobur le conquérant
11%
dans les houillères écossaisesLes indes noires
10%
pendant la guerre de sécessionNord contre sud
6%
la conquête du pôle nordLes aventures du capitaine Hatteras
6%
l'astre du midiL'étoile du sud
3%
comte nationaliste hongroisMathias Sandorf
1%
bateau brésilienLa jangada
1%
taxe pour la traversée du BosphoreKéraban le têtu
0%

Distribution des résultats

Percentile par nombre de réponses

% des personnes avec chaque résultat

Votre développement - résultats

Vous n’avez pas pris ce quiz